00305 a2200121 450000100060000008200170000610000170002324500590004025000060009926000380010530000160014350000240015965660 a658.5756 ULR aUlrich, K T. aProduct Design and Development, 2nd EDborigional copy a2 abostonbMcGraw-Hill, Bostonc2000 axxvi, 358 p aBE textbook IE dept